000
00266nam a22001097a 4500
082
_a
540
_b
VER/C
100
_a
VERMA & VERMA
245
_a
PIONEER CHEMISTRY
_b
CLASS XII
260
_a
DELHI
_b
DHANPAT RAI & CO
_c
2004
650
_a
CHEMISTRY FOR CLASS XII
_z
INDIA
942
_c
BK
999
_c
715
_d
715